Cuerpos y almas : I /

Guardado en:
Autor Principal: Meersch, Maxence Van Der.
Otros Autores: Marsal, Salvador; trad.
Formato: Libro
Idioma:Undetermined
Publicado: Buenos Aires : Hyspamérica, 1984.
Edición:1a ed.
Series:Grandes éxitos ; 22
Materias:
Etiquetas: Agregar Etiqueta
Sin Etiquetas, Sea el primero en etiquetar este registro!
LEADER 00749nam a22002295a 4500
001 CEM.cems024714
008 250623s1984####ag############000#0#und#d
005 20250623163827.0
245 1 0 |a Cuerpos y almas :  |b I /  |c Maxence Van Der Meersch ; traducido por Salvador Marsal. 
250 |a 1a ed. 
260 |a Buenos Aires :  |b Hyspamérica,  |c 1984. 
300 |a 318 p. 
490 1 |a Grandes éxitos ;  |v 22 
500 |a Título original: "Corps et ames". 
500 |a La obra consta de dos tomos. 
020 |a 9506142238 
020 |a 9506142211 
100 1 |a Meersch, Maxence Van Der. 
700 1 |a Marsal, Salvador; trad. 
653 |a Novela francesa 
653 |a Literatura francesa 
859 |a CEMS  |b BIB. CEMS - 11 de abril  |h 843.9  |i M471-1  |p 29972.25  |t Ej.1  |v I